Uczestnicy 1z10 - Jetpunk Polska (Edycja #3) - Statystyki

Ogólne statystyki
  • Ten quiz został rozwiązany 7 razy
  • Średni wynik to 7 z 9
Statystyki odpowiedzi
Miejsce Uczestnik/Uczestniczka % Poprawnych
7. Pixelek23
100%
1. KomandorKretes
83%
6. LoanBurak
83%
8. Polak123456789
83%
4. Togoland
83%
3. ziutek200
83%
2. Nevevn363
67%
5. Pandryf
67%
9. rantykox
67%
Nie znaleziono quizów pasujących do podanych kryteriów
Rozkład punktacji
Procent ludzi z każdym wynikiem
Percentyl według liczby udzielonych odpowiedzi
Twoja historia wyników
Nie rozwiązałeś tego quizu